000 00329 a2200145 4500
001 162755
020 _a
040 _cMagnum
100 _aStempleski, Susan
240 1 0 _aAli baba and the forty thieves
_lING
245 1 0 _aAli baba and the forty thieves
362 0 _a1899
697 _aLITERATURA ESTRANGEIRA
942 _cBK
999 _c162755
_d162755